Fuerzas armadas y poder político en el siglo XX de Portugal y España / (Record no. 13080)

MARC details
000 -LEADER
campo de control de longitud fija 01137nam a2200265 i 4500
001 - NÚMERO DE CONTROL
campo de control 13080
003 - IDENTIFICADOR DE NÚMERO DE CONTROL
campo de control ES-MaACL
005 - FECHA Y HORA DE LA ÚLTIMA TRANSACCIÓN
campo de control 20250828094148.0
007 - CAMPO FIJO DE DESCRIPCIÓN FÍSICA--INFORMACIÓN GENERAL
campo de control de longitud fija t|
008 - DATOS DE LONGITUD FIJA--INFORMACIÓN GENERAL
campo de control de longitud fija 920122s1996 sp |||| | spa j
020 ## - NÚMERO INTERNACIONAL ESTÁNDAR DEL LIBRO
Número Internacional Estándar del Libro 84-88861-57-5
080 ## - NÚMERO DE LA CLASIFICACIÓN DECIMAL UNIVERSAL
Número de la Clasificación Decimal Universal 355.1(460)"18/19"
080 ## - NÚMERO DE LA CLASIFICACIÓN DECIMAL UNIVERSAL
Número de la Clasificación Decimal Universal 355.1(469)"18/19"
111 2# - ENTRADA PRINCIPAL--NOMBRE DE CONGRESO/REUNIÓN
Nombre de congreso/reunión o jurisdicción como elemento de entrada Jornadas de Estudios Luso-Españoles (
Número del congreso/reunión o número de parte o sección 6º.
Fecha del congreso o de la firma del tratado 1994.
Sede del congreso/Lugar de la reunión Mérida)
9 (RLIN) 797
245 10 - MENCIÓN DEL TÍTULO
Título Fuerzas armadas y poder político en el siglo XX de Portugal y España /
Mención de responsabilidad, etc. VI Jornadas de Estudios Luso-Españoles ; Hipólito de la Torre Gómez (Ed.) ; Carlos Seco Serrano... [et al.].
260 ## - PUBLICACIÓN, DISTRIBUCIÓN, ETC.
Lugar de publicación, distribución, etc. Mérida :
Nombre del editor, distribuidor, etc. Universidad Nacional de Educación a Distancia, Centro Regional de Extremadura,
Fecha de publicación, distribución, etc. 1996.
300 ## - DESCRIPCIÓN FÍSICA
Extensión 299 p. ;
Dimensiones 24 cm.
650 #4 - PUNTO DE ACCESO ADICIONAL DE MATERIA--TÉRMINO DE MATERIA
Término de materia o nombre geográfico como elemento de entrada Fuerzas Armadas-
Subdivisión geográfica España-
Subdivisión cronológica S.XX.
9 (RLIN) 168940
650 14 - PUNTO DE ACCESO ADICIONAL DE MATERIA--TÉRMINO DE MATERIA
Término de materia o nombre geográfico como elemento de entrada Fuerzas armadas-
Subdivisión geográfica Portugal.
9 (RLIN) 168918
700 1# - ENTRADA AGREGADA--NOMBRE PERSONAL
Nombre de persona Torre Gómez, Hipólito de la.
9 (RLIN) 110776
700 1# - ENTRADA AGREGADA--NOMBRE PERSONAL
Nombre de persona Seco Serrano, Carlos,
Fechas asociadas al nombre 1923-2020
9 (RLIN) 105054
710 2# - ENTRADA AGREGADA--NOMBRE DE ENTIDAD CORPORATIVA
Nombre de entidad corporativa o nombre de jurisdicción como elemento de entrada Universidad Nacional de Educación a Distancia (España).
Unidad subordinada Centro Regional de Extremadura
9 (RLIN) 7412
852 ## - LOCALIZACIÓN
Ubicación ES-MaACL
Número de control de estantería L-20452
Holdings
Estatus retirado Estado de pérdida Estado de daño No para préstamo Biblioteca de origen Biblioteca actual Ubicación en estantería Fecha de adquisición Fuente de adquisición Total de préstamos Signatura topográfica completa Código de barras Visto por última vez Precio de reemplazo Tipo de ítem Koha
        Biblioteca del Ateneo de Madrid Biblioteca del Ateneo de Madrid Depósito 2 17/01/2008     L-20452 1013320 23/02/2023 23/02/2023 Libro impreso